000 00677nam a2200253Ia 4500
003 OSt
005 20220928104853.0
006 a|||||r|||| 00| 0
007 ta
008 220927b |||||||| |||| 00| 0 eng d
020 _c500
024 _a65016
037 _cTextual
040 _aSDCL
_cSDCL
_beng
041 _2eng
_aeng
082 _a432, P6
100 _aKulshreshtha Vijay
_9412601
245 0 _aSamacharpatra evam samachar preshan
260 _aNew Delhi
_bNaman Publication
_c2006
300 _a312p.
_ccm.
700 _a Rustagi Beena
_9391794
942 _h432, P6
_cTEXL
_2CC
999 _c728332
_d728332